Представление документа в формате MARC21

Поле Инд. ПП Название Значение
Тип записи a
Библиографический уровень b
001 Контрольный номер RU/IS/BASE/421869953
005 Дата корректировки 20200522191559.0
008 Кодируемые данные 20130514
084 a Индекс другой классификации/Индекс ББК 60.82; 65.291.216-432
100 1_ a Автор Гаджиева Л. А.
q Полное имя Гаджиева Людмила Анатольевна
245 a Заглавие Об использовании возможностей негосудаственного сектора для решения проблемы доступности дошкольного образования
500 a Примечание Аннотация статьи на английском языке: с. 206
520 a Аннотация Рассмотрен опыт администрации г. Перми по решению проблемы доступности и качества дошкольного образования за счет развития конкурентной среды. Представлены модели финансирования поставщика и получателя услуг дошкольного образования, такие как выплата пособия на детей, не посещающих детские сады, предоставление субсидий негосударственным образовательным учреждениям. Описаны механизмы передачи частным инвесторам муниципальных имущественных комплексов в целях восстановления дошкольных учреждений, применение которых позволило в короткие сроки в Перми решить проблему доступности дошкольного образования, дало толчок развитию сети индивидуальных предпринимателей и немуниципальных детских садов.
650 a Основная рубрика менеджмент (управление предприятием)
a Основная рубрика социальное управление
a Основная рубрика управленческая деятельность
a Основная рубрика экономика
a Основная рубрика экономика предприятия
653 a Ключевые слова детские сады
a Ключевые слова доступность образования
a Ключевые слова дошкольное образование
a Ключевые слова дошкольные учреждения
a Ключевые слова качество образования
a Ключевые слова качество услуг
a Ключевые слова модели финансирования
a Ключевые слова негосударственные детские сады
a Ключевые слова негосударственные образовательные учреждения
a Ключевые слова негосударственный сектор экономики
a Ключевые слова образовательные учреждения
a Ключевые слова Пермь
a Ключевые слова регионы России
a Ключевые слова Россия
a Ключевые слова управление образованием
a Ключевые слова финансирование образования
a Ключевые слова частное инвестирование
a Ключевые слова эффективность предприятия
773 t Заглавие источника Вопросы государственного и муниципального управления
d Дата издания источника 2012
g Прочая информация № 4. - С. 169 - 176 : табл., рис.
w Контрольный № источника RU/IS/BASE/414172742
901 t Тип документа b